Catálogo
 En Linea

El sueño posible : (Registro nro. 3580)

Detalles MARC
000 -CABECERA
campo de control de longitud fija 01075nam a2200277 a 4500
001 - NÚMERO DE CONTROL
campo de control 000003758
005 - FECHA Y HORA DE LA ÚLTIMA TRANSACCIÓN
campo de control 20200929150546.0
008 - DATOS DE LONGITUD FIJA--INFORMACIÓN GENERAL
campo de control de longitud fija 770217s1977 xxua 000 0 eng
040 ## - FUENTE DE LA CATALOGACIÓN
Centro catalogador/agencia de origen DO-SdBNP
Lengua de catalogación spa
Centro/agencia transcriptor BNPHU
082 ## - NÚMERO DE LA CLASIFICACIÓN DECIMAL DEWEY
Número de clasificación 381.13
Número de documento/Ítem C752s
100 1# - ENTRADA PRINCIPAL--NOMBRE DE PERSONA
Nombre de persona Conn, Charles Paul.
9 (RLIN) 11433
240 14 - TÍTULO UNIFORME
Título uniforme The possible dream. A candid look at Amway /
245 13 - MENCIÓN DE TÍTULO
Título El sueño posible :
Resto del título un recorrido sin prejuicios por el mundo de Amway /
Mención de responsabilidad, etc. Charles Paul Conn ; traducción Carmen M. Esteves...[et.al].
260 ## - PUBLICACIÓN, DISTRIBUCIÓN, ETC.
Lugar de publicación, distribución, etc. Old Tappan, New Jersey, Estados Unidos :
Nombre del editor, distribuidor, etc. Fleming H. Revell,
Fecha de publicación, distribución, etc. 1977.
300 ## - DESCRIPCIÓN FÍSICA
Extensión 158 p. :
Otras características físicas il., ;
Dimensiones 22 cm.
610 24 - PUNTO DE ACCESO ADICIONAL DE MATERIA--NOMBRE DE ENTIDAD CORPORATIVA
Nombre de entidad corporativa o nombre de jurisdicción como elemento de entrada CORPORACION AMWAY
Subdivisión general HISTORIA
9 (RLIN) 11434
600 14 - PUNTO DE ACCESO ADICIONAL DE MATERIA--NOMBRE DE PERSONA
Nombre de persona DeVos, Richard M.
9 (RLIN) 11435
600 14 - PUNTO DE ACCESO ADICIONAL DE MATERIA--NOMBRE DE PERSONA
Nombre de persona Van Andel, Jay,
Fechas asociadas al nombre 1924-2004.
9 (RLIN) 11436
700 12 - PUNTO DE ACCESO ADICIONAL--NOMBRE DE PERSONA
Nombre de persona Esteves, Carmen M.
Término indicativo de función/relación trad.
9 (RLIN) 11437
700 12 - PUNTO DE ACCESO ADICIONAL--NOMBRE DE PERSONA
Nombre de persona Esteves, Rolando
Término indicativo de función/relación trad.
9 (RLIN) 11438
700 12 - PUNTO DE ACCESO ADICIONAL--NOMBRE DE PERSONA
Nombre de persona Hernández, Evelyn M.
Término indicativo de función/relación trad.
9 (RLIN) 11439
700 12 - PUNTO DE ACCESO ADICIONAL--NOMBRE DE PERSONA
Nombre de persona Lathroum. Leo
Término indicativo de función/relación trad.
9 (RLIN) 11440
700 12 - PUNTO DE ACCESO ADICIONAL--NOMBRE DE PERSONA
Nombre de persona Pico, Teresa
Término indicativo de función/relación trad.
9 (RLIN) 11441
700 12 - PUNTO DE ACCESO ADICIONAL--NOMBRE DE PERSONA
Nombre de persona Polanco, Coralia
Término indicativo de función/relación trad.
9 (RLIN) 11442
700 12 - PUNTO DE ACCESO ADICIONAL--NOMBRE DE PERSONA
Nombre de persona Robles, Mary Jo
Término indicativo de función/relación trad.
9 (RLIN) 11443
Existencias
Estado de retiro Estado de pérdida Restricciones de uso No para préstamo Código de colección Localización permanente Ubicación/localización actual Ubicación en estantería Fecha de adquisición Número de inventario Total de préstamos Signatura topográfica completa Código de barras Fecha visto por última vez Precio válido a partir de Tipo de ítem Koha
    Préstamo interno   Monografías: Libros y Folletos General General Depósito 13.07.2009 LF1   381.13 C752s 3758-10 25.06.2020 25.06.2020 Préstamo interno
  Extraviado   Excluido de préstamo Monografías: Libros y Folletos Patrimonio Dominicano Patrimonio Dominicano Extraviado 03.04.2017 LF1   381.13 C752s 3758-20 25.06.2020 25.06.2020 No se presta

Con tecnología Koha